|
|
|
|
| LEADER |
00864nam a2200241 a 4500 |
| 001 |
000672955 |
| 003 |
CZ BrMZK |
| 005 |
20030609082905.0 |
| 008 |
030609s1956 xo f slo d |
| 040 |
|
|
|a BOA001
|b cze
|c BOA001
|
| 041 |
1 |
|
|a slo
|h cze
|
| 100 |
1 |
|
|a Burgetová, Jarmila,
|d 1931-2016
|7 jk01020335
|4 aut
|
| 245 |
1 |
0 |
|a Práca s periodickou tlačou v ľudových knižniciach /
|c Jarmila Burgetová-Macáková
|
| 260 |
|
|
|a Martin :
|b Matica slovenská,
|c 1956
|
| 300 |
|
|
|a 29 s., příl.
|
| 490 |
1 |
|
|a Príručky pre knihovníkov ;
|v č. 12
|
| 500 |
|
|
|a Přeloženo z češtiny
|
| 500 |
|
|
|a Rozmnoženo
|
| 830 |
|
0 |
|a Príručky pre knihovníkov
|
| 910 |
|
|
|a BOA001
|b PK-N-0003.004
|
| 964 |
|
|
|a Knihovny lidové - publikace periodické - propagace
|
| 990 |
|
|
|a BK
|
| 996 |
6 |
|
|b BC-95496
|c PK-N-0003.004
|l MZK
|r Sklad / do 1 hodiny
|n 0
|w 000672955
|u 000010
|a 1
|e BOA001
|j MZK50
|s P
|